Geography Quiz

Random Geography or State Quiz

States: border length Quiz Stats

Quiz not verified by Sporcle

Challenge
Share
Tweet
Embed
Score 0/10 Timer 04:00
0 Plays Today
length (miles) pair of states % Correct
610California and Nevada
97.2%
790Oklahoma and Texas
93.6%
600Idaho and Montana
78%
540New Mexico and Texas
73.4%
400Arizona and New Mexico
73.4%
400Oregon and Washington
57.8%
410Kansas and Oklahoma
56.9%
410Nebraska and South Dakota
34.9%
380Virginia and West Virginia
15.6%
460Louisiana and Mississippi
14.7%

You're not logged in!

Compare scores with friends on all Sporcle quizzes.
Sign Up with Email
OR
Log In

You Might Also Like...

Show Comments

Extras

Top Quizzes Today


Score Distribution

Your Account Isn't Verified!

In order to create a playlist on Sporcle, you need to verify the email address you used during registration. Go to your Sporcle Settings to finish the process.

Report this User

Report this user for behavior that violates our Community Guidelines.

Details: